[Event "Mondiale Lampo FIDE 2019"]
[Site "Mosca"]
[Date "30.12.2019"]
[Round "13.74"]
[White "Moiseenko, Vadim"]
[Black "Dominguez Perez, Leinier"]
[Result "0-1"]
[WhiteTitle "GM"]
[BlackTitle "GM"]
[WhiteElo "2526"]
[BlackElo "2758"]
[WhiteFideId "4123700"]
[BlackFideId "3503240"]
[EventDate "2019.12.29"]

1. e4 c5 2. Nf3 d6 3. d4 cxd4 4. Nxd4 Nf6 5. Nc3 a6 6. Bd3 e5 7. Nde2 Be7 8. Ng3
Be6 9. O-O Nc6 10. f4 exf4 11. Rxf4 g6 12. Be3 h5 13. h3 Ne5 14. Qe2 h4 15. Nh1
Nh5 16. Rf2 Bg5 17. Raf1 O-O 18. Qd2 Bxe3 19. Qxe3 Kg7 20. Ne2 Rc8 21. Nd4 Bd7
22. Be2 Rh8 23. c3 Qe7 24. Nc2 Be6 25. Nd4 Bd7 26. b3 b5 27. Bxh5 Rxh5 28. Rf4
Rf8 29. Nf2 Rg5 30. Ne2 Rh5 31. Nd3 Bc6 32. Nxe5 Rxe5 33. Qd4 Kg8 34. Rd1 Bxe4
35. Qxd6 Qxd6 36. Rxd6 Bxg2 37. Kxg2 Rxe2+ 38. Rf2 Re3 39. Rxa6 Rxc3 40. Rb6 Rc5
41. Rf4 g5 42. Rf2 Kg7 43. a4 bxa4 44. bxa4 Ra5 45. Rb5 Rfa8 46. Rff5 Rxb5 47.
axb5 Kg6 48. Rf2 Rb8 49. Rb2 Rb6 50. Kf3 Kf5 51. Ke3 Ke5 52. Kd3 Kd5 53. Rf2
Rxb5 54. Rf5+ Kc6 55. Rf6+ Kc5 56. Rf5+ Kb6 57. Rxf7 Rb3+ 58. Ke2 Rxh3 59. Rf5
Rg3 60. Kf2 Kc6 61. Re5 Kd6 62. Re8 Kd5 63. Re7 Kd4 64. Re8 Rc3 65. Rg8 Rg3 66.
Re8 Rg4 67. Kf3 Rf4+ 68. Kg2 Re4 69. Rg8 Rg4+ 70. Kf3 Rg3+ 71. Kf2 Ke4 72. Rf8
Rg4 0-1

[Event "Mondiale Lampo FIDE 2019"]
[Site "Mosca"]
[Date "30.12.2019"]
[Round "13.75"]
[White "Geller, Jakov"]
[Black "Guliyev, Namig"]
[Result "1/2-1/2"]
[WhiteTitle "GM"]
[BlackTitle "GM"]
[WhiteElo "2521"]
[BlackElo "2548"]
[WhiteFideId "4151984"]
[BlackFideId "13400363"]
[EventDate "2019.12.29"]

1. e4 c5 2. Nf3 d6 3. d4 cxd4 4. Nxd4 Nf6 5. Nc3 a6 6. a4 e6 7. Be2 b6 8. O-O
Bb7 9. Bd3 Be7 10. f4 O-O 11. Qf3 Nc6 12. Nxc6 Bxc6 13. Bd2 Qc7 14. Qh3 e5 15.
Rae1 b5 16. axb5 axb5 17. Nd5 Bxd5 18. exd5 e4 19. Bxe4 Nxe4 20. Rxe4 Qxc2 21.
Rxe7 Qxd2 22. Qb3 Ra4 23. f5 Rb4 24. Qg3 Qd4+ 25. Kh1 Qf6 26. Rd7 Rxb2 27. h3
Qe5 28. Qxe5 dxe5 29. Re1 h5 30. Rxe5 Ra8 31. f6 gxf6 32. Ree7 Ra1+ 33. Kh2 Raa2
34. Rxf7 Rxg2+ 35. Kh1 b4 36. Rfe7 Rh2+ 37. Kg1 Rhg2+ 38. Kf1 Kh8 39. Rh7+ Kg8
40. Rhe7 Kf8 41. Rf7+ Kg8 42. Rfe7 Kh8 43. Rb7 Raf2+ 44. Ke1 Rf5 45. d6 b3 46.
d7 Rg8 47. Re8 Re5+ 48. Rxe5 fxe5 49. Kd2 Rd8 50. Kc3 Kg7 51. Kxb3 Kf6 52. Kc4
Ke6 53. h4 Rxd7 54. Rxd7 Kxd7 1/2-1/2

[Event "Mondiale Lampo FIDE 2019"]
[Site "Mosca"]
[Date "30.12.2019"]
[Round "13.76"]
[White "Batchuluun, Tsegmed"]
[Black "Utegaliyev, Azamat"]
[Result "0-1"]
[WhiteTitle "GM"]
[WhiteElo "2530"]
[BlackElo "2502"]
[WhiteFideId "4900847"]
[BlackFideId "13702467"]
[EventDate "2019.12.29"]

1. d4 Nf6 2. c4 g6 3. Nc3 Bg7 4. e4 d6 5. f3 Nc6 6. Be3 e5 7. d5 Nd4 8. Nge2
Nxe2 9. Bxe2 Nh5 10. g3 O-O 11. Qd2 f5 12. O-O-O Nf6 13. exf5 Bxf5 14. Bd3 a6
15. Kb1 Qd7 16. Ka1 b5 17. c5 b4 18. Ne4 Bxe4 19. Bxe4 Nxe4 20. fxe4 Qg4 21.
Qxb4 Rab8 22. Qc4 Rb5 23. c6 Rfb8 24. b3 Rb4 25. Qxa6 Qxe4 26. Bc1 Qc2 27. Bb2
R4b6 28. Qd3 Qg2 29. Qd2 Qe4 30. Rhe1 Qg4 31. Qe2 Qc8 32. Rc1 Ra8 33. Kb1 Rba6
34. a3 Ra5 35. Red1 Qf5+ 36. Qc2 Qf3 37. b4 Rxa3 38. Bxa3 Rxa3 39. Rf1 e4 40.
Qb2 Qd3+ 41. Rc2 Qxf1+ 42. Rc1 Qd3+ 0-1

[Event "Mondiale Lampo FIDE 2019"]
[Site "Mosca"]
[Date "30.12.2019"]
[Round "13.78"]
[White "Dragnev, Valentin"]
[Black "Suleymanli, Aydin"]
[Result "0-1"]
[WhiteTitle "GM"]
[BlackTitle "IM"]
[WhiteElo "2553"]
[BlackElo "2473"]
[WhiteFideId "1634852"]
[BlackFideId "13413937"]
[EventDate "2019.12.29"]

1. d4 d5 2. c4 e6 3. Nf3 Nf6 4. g3 Be7 5. Bg2 O-O 6. Nc3 b6 7. cxd5 exd5 8. O-O
Bb7 9. Bf4 c6 10. Qc2 Na6 11. Rad1 Nc7 12. Rfe1 Ne6 13. Bc1 Rc8 14. Ne5 Bd6 15.
e3 c5 16. Qb1 Re8 17. f4 c4 18. Kh1 Bb4 19. Qc2 Bxc3 20. bxc3 Ne4 21. Ng4 Bc6
22. Ba3 Nc7 23. Kg1 a5 24. Nf2 Ba4 25. Qxa4 Nxc3 26. Qc2 Nxd1 27. Nxd1 b5 28.
Bc5 b4 29. a3 Na6 30. axb4 axb4 31. e4 Nxc5 32. dxc5 Qc7 33. Qf2 Qxc5 34. e5 d4
35. Bh3 Rcd8 36. e6 fxe6 37. Bxe6+ Kh8 38. f5 c3 39. f6 Rf8 40. f7 Qd6 41. Qe2
d3 42. Qe4 d2 43. Re2 Qd4+ 44. Qxd4 Rxd4 45. Ne3 d1=Q+ 46. Nxd1 Rxd1+ 47. Kg2
Rdd8 48. Bb3 g6 49. Kf3 Kg7 50. Re7 Rd2 51. Rc7 Rb2 52. Be6 c2 53. h4 b3 54. Ke3
Rb1 55. Bxb3 Rxb3+ 0-1

[Event "Mondiale Lampo FIDE 2019"]
[Site "Mosca"]
[Date "30.12.2019"]
[Round "13.79"]
[White "Vishnu Prasanna, V"]
[Black "Atabayev, Saparmyrat"]
[Result "0-1"]
[WhiteTitle "GM"]
[BlackTitle "IM"]
[WhiteElo "2493"]
[BlackElo "2425"]
[WhiteFideId "5030692"]
[BlackFideId "14000571"]
[EventDate "2019.12.29"]

1. c4 e5 2. Nc3 Nf6 3. e3 Bb4 4. Nge2 O-O 5. a3 Bxc3 6. Nxc3 b6 7. Be2 Bb7 8.
O-O d5 9. cxd5 Nxd5 10. Qc2 Nxc3 11. Qxc3 Nd7 12. b4 Rc8 13. Bb2 c5 14. bxc5
Rxc5 15. Qb4 Qg5 16. f3 a5 17. Qb3 Bd5 18. Qa4 Bc6 19. Qd1 Rc8 20. Kh1 Bd5 21.
e4 Be6 22. Rc1 Rxc1 23. Bxc1 Qe7 24. Bb2 Qc5 25. h3 Qc2 26. Bc3 Qa2 27. Qa1 Qxa1
28. Rxa1 f6 29. Kg1 Nc5 30. Rb1 Na4 31. Ba1 Ba2 32. Re1 Kf7 33. Bb5 Nc5 34. d4
exd4 35. Bxd4 Ne6 36. Bf2 Rc2 37. e5 Rb2 38. a4 Bb3 39. exf6 gxf6 40. Re4 Nc5
41. Rh4 Kg7 42. Bd4 Ra2 43. Rf4 Ne6 44. Bxf6+ Kf7 45. Rf5 Bc2 46. Rd5 Kxf6 47.
Rd6 Ra1+ 48. Kh2 Bxa4 49. Bc4 Re1 50. Rxb6 Bc2 51. Ra6 a4 52. g4 Re3 53. Kg3 Bb3
54. Bb5 Ke5 55. Bxa4 Bxa4 56. Rxa4 Nd4 57. Ra7 Rxf3+ 58. Kg2 h6 59. Re7+ Kf6 60.
Rh7 Kg6 61. Re7 Rf6 62. Re4 Ne6 63. Kg3 Ng5 64. Re3 Ne6 65. h4 Nc5 66. Re7 Rb6
67. h5+ Kf6 68. Rh7 Ke5 69. Rg7 Rb3+ 70. Kh4 Rb6 71. g5 Rb4+ 72. Kh3 Ne6 73. Re7
hxg5 74. h6 Rh4+ 75. Kg3 Rxh6 76. Ra7 Rh8 77. Kg4 Kf6 78. Ra6 Rh4+ 0-1

[Event "Mondiale Lampo FIDE 2019"]
[Site "Mosca"]
[Date "30.12.2019"]
[Round "13.80"]
[White "Pashikian, Arman"]
[Black "Gundavaa, Bayarsaikhan"]
[Result "1-0"]
[WhiteTitle "GM"]
[BlackTitle "GM"]
[WhiteElo "2605"]
[BlackElo "2489"]
[WhiteFideId "13301578"]
[BlackFideId "4901045"]
[EventDate "2019.12.29"]

1. d4 d5 2. Nf3 Nf6 3. c4 e6 4. g3 Bb4+ 5. Bd2 Be7 6. Bg2 O-O 7. O-O c6 8. Qb3
Nbd7 9. Bf4 Nh5 10. Bc1 f5 11. Nc3 Kh8 12. Rd1 Bd6 13. e3 Nhf6 14. Ne2 Ne4 15.
Nf4 Qe7 16. Qc2 b6 17. b3 a5 18. a4 Ba6 19. Bb2 Rac8 20. Rac1 Kg8 21. Qb1 g5 22.
Nd3 g4 23. Nfe5 Nxe5 24. dxe5 Bb8 25. Nf4 Kf7 26. Nh5 Rfd8 27. Nf6 Nxf6 28. exf6
Qf8 29. cxd5 cxd5 30. Rxc8 Rxc8 31. Bxd5 exd5 32. Qxf5 Qg8 33. Qxd5+ Kg6 34.
Qe4+ Kh6 35. h4 Re8 36. Qf5 Bb7 37. f7 Qg6 38. Qxg6+ 1-0

[Event "Mondiale Lampo FIDE 2019"]
[Site "Mosca"]
[Date "30.12.2019"]
[Round "13.81"]
[White "Krsnik Cohar, Ivan Vihor"]
[Black "Kazakouski, Valery"]
[Result "0-1"]
[WhiteTitle "FM"]
[BlackTitle "IM"]
[WhiteElo "2313"]
[BlackElo "2485"]
[WhiteFideId "14520044"]
[BlackFideId "13507443"]
[EventDate "2019.12.29"]

1. d4 Nf6 2. Bf4 e6 3. c3 c5 4. e3 Be7 5. Nd2 O-O 6. Ngf3 b6 7. Bd3 cxd4 8. exd4
Ba6 9. Bxa6 Nxa6 10. O-O d6 11. Qe2 Nc7 12. a4 a6 13. Rfe1 h6 14. h3 Qd7 15. Nc4
Qc6 16. Nfd2 b5 17. axb5 axb5 18. Ne3 Rfc8 19. Qd3 Ncd5 20. Bh2 Nb6 21. Bg3 Bf8
22. f4 g6 23. Ng4 Nbd5 24. Rac1 Nh5 25. Rf1 Bg7 26. Bh2 Ra2 27. Rb1 Ne7 28. Ne3
Nf6 29. g4 Nfd5 30. Rfe1 Nxe3 31. Rxe3 Qd5 32. Ree1 b4 33. Ne4 Rc6 34. Re2 Qb3
35. Nd2 Qd5 36. Ne4 Qb3 37. Nd2 Qa4 38. c4 Qa7 39. Nf3 Ra1 40. Ree1 Rxb1 41.
Rxb1 Qa2 42. Kg2 Qxc4 43. Qxc4 Rxc4 44. Rd1 Nd5 45. Bg1 Nxf4+ 46. Kg3 Ne2+ 47.
Kf2 Nxg1 48. Kxg1 Rc2 49. d5 e5 50. Rd2 Rc1+ 51. Kg2 e4 52. Ng1 b3 53. Ne2 Rb1
54. Kf2 Rxb2 55. Rd1 f5 56. Ke3 Kf7 57. gxf5 gxf5 58. Rf1 Kg6 59. Nf4+ Kh7 60.
Ne2 Rxe2+ 61. Kxe2 Kg6 62. Kd2 b2 63. Kc2 Be5 64. Rg1+ Kh5 65. Rg8 f4 66. Rg4 e3
67. Rg1 f3 68. Kd3 f2 69. Rf1 Bf4 70. Ke2 Kh4 71. Rb1 Kg3 72. Rxb2 Kxh3 73. Kf1
Kg3 74. Rb7 Kf3 75. Re7 h5 76. Re6 h4 77. Re8 Bg3 78. Rf8+ Ke4 79. Ke2 h3 80.
Rf3 h2 81. Rxe3+ Kf4 82. Rf3+ Kg4 83. Rf8 h1=Q 84. Rg8+ Kf4 0-1

[Event "Mondiale Lampo FIDE 2019"]
[Site "Mosca"]
[Date "30.12.2019"]
[Round "13.82"]
[White "Deviatkin, Andrei"]
[Black "Huzman, Alexander"]
[Result "0-1"]
[WhiteTitle "GM"]
[BlackTitle "GM"]
[WhiteElo "2436"]
[BlackElo "2567"]
[WhiteFideId "4121260"]
[BlackFideId "2803828"]
[EventDate "2019.12.29"]

1. d3 g6 2. c4 Bg7 3. Nc3 c5 4. g3 Nc6 5. Bg2 e6 6. Nf3 Nge7 7. h4 h6 8. Bd2 b6
9. a3 d5 10. Rb1 a5 11. Nb5 Bb7 12. Qc1 e5 13. cxd5 Nxd5 14. O-O h5 15. Ng5 Nd4
16. Nxd4 exd4 17. b4 axb4 18. axb4 Rc8 19. bxc5 Rxc5 20. Qb2 O-O 21. Rfc1 Ba8
22. Ne4 Rc8 23. Rxc8 Qxc8 24. Rc1 Qd7 25. Bg5 b5 26. Nc5 Qe8 27. Ne4 Nc3 28. Ra1
Bxe4 29. Bxe4 Nxe4 30. dxe4 d3 31. Bf6 Bxf6 32. Qxf6 dxe2 33. Qd4 Qd8 34. Qd5
Qa5 35. Qd4 e1=Q+ 0-1

[Event "Mondiale Lampo FIDE 2019"]
[Site "Mosca"]
[Date "30.12.2019"]
[Round "13.83"]
[White "Piorun, Kacper"]
[Black "Tregubov, Pavel V."]
[Result "1-0"]
[WhiteTitle "GM"]
[BlackTitle "GM"]
[WhiteElo "2611"]
[BlackElo "2588"]
[WhiteFideId "1130420"]
[BlackFideId "4115341"]
[EventDate "2019.12.29"]

1. d4 Nf6 2. Bg5 e6 3. e4 h6 4. Bxf6 Qxf6 5. c3 d6 6. Bd3 e5 7. Ne2 g6 8. O-O
Bg7 9. f4 Qe7 10. Nd2 O-O 11. Nf3 Nd7 12. Qc2 b6 13. Rae1 Bb7 14. fxe5 dxe5 15.
Ng3 Rad8 16. Bc4 a6 17. Kh1 b5 18. Bb3 c5 19. Bd5 Bxd5 20. exd5 cxd4 21. Nxd4
Nb8 22. Ndf5 gxf5 23. Nxf5 Qg5 24. Re3 Rxd5 25. Rg3 Qd2 26. Qe4 Qd3 1-0

[Event "Mondiale Lampo FIDE 2019"]
[Site "Mosca"]
[Date "30.12.2019"]
[Round "13.84"]
[White "Sek, Konstantin"]
[Black "Atabayev, Maksat"]
[Result "1/2-1/2"]
[BlackTitle "GM"]
[WhiteElo "2446"]
[BlackElo "2475"]
[WhiteFideId "24104302"]
[BlackFideId "14001101"]
[EventDate "2019.12.29"]

1. e4 c5 2. Nf3 Nc6 3. Nc3 g6 4. d4 cxd4 5. Nxd4 Bg7 6. Be3 Nf6 7. Be2 O-O 8.
Nb3 b6 9. f4 d6 10. Bf3 Bb7 11. O-O Nd7 12. Qe2 Rc8 13. Rad1 Qc7 14. Nd5 Qb8 15.
Bg4 e6 16. Nc3 Nf6 17. Bf3 Na5 18. Nxa5 bxa5 19. Qf2 Ba6 20. e5 dxe5 21. fxe5
Qxe5 22. Rfe1 Qb8 23. Bd4 Rfd8 24. Be5 Qb6 25. Bd4 Rxd4 26. Qxd4 Qxb2 27. Ne2
Qxa2 28. Qxa7 Bxe2 29. Rxe2 h5 30. Rf2 Rf8 31. h3 Qa3 32. Rdf1 Nh7 33. Kh1 Ng5
34. Bc6 h4 35. Qb6 Qd6 36. Qb5 Qg3 37. Bf3 Bd4 38. Re2 Nxh3 39. Qd3 Be5 40. Rxe5
Qxe5 41. gxh3 a4 42. Bg2 Qc5 43. c4 a3 44. Ra1 Rc8 45. Qxa3 Qxa3 46. Rxa3 Rxc4
47. Ra8+ Kg7 48. Kh2 Rd4 49. Ra7 g5 50. Kg1 Kg6 51. Kf2 f5 52. Re7 Kf6 53. Re8
Rb4 54. Rg8 Rb2+ 55. Kf1 Rb3 56. Re8 Ke5 57. Re7 Rb6 58. Kf2 Kf4 59. Bf1 e5 60.
Rf7 e4 61. Be2 Rb2 62. Kf1 Kg3 63. Ke1 Kf4 64. Bg4 Rb5 65. Ke2 Ra5 66. Ke1 Rc5
67. Kd2 Rd5+ 68. Ke2 e3 69. Bxf5 Rd2+ 70. Ke1 Kg3 71. Bg4 Rd5 72. Rf3+ Kg2 73.
Rxe3 Rd4 74. Ke2 Rxg4 75. hxg4 h3 76. Rf3 h2 77. Rf2+ Kg3 78. Rf1 Kg2 79. Rf2+
Kg3 80. Rf1 Kg2 81. Rf2+ Kg3 82. Rf1 1/2-1/2

[Event "Mondiale Lampo FIDE 2019"]
[Site "Mosca"]
[Date "30.12.2019"]
[Round "13.85"]
[White "Kovalev, Vladislav"]
[Black "Ismagambetov, Anuar"]
[Result "0-1"]
[WhiteTitle "GM"]
[BlackTitle "GM"]
[WhiteElo "2662"]
[BlackElo "2528"]
[WhiteFideId "13504398"]
[BlackFideId "13701525"]
[EventDate "2019.12.29"]

1. e4 c5 2. Nc3 g6 3. Nf3 Bg7 4. d4 cxd4 5. Nxd4 Nc6 6. Be3 Nf6 7. Bc4 O-O 8.
Bb3 Re8 9. O-O d6 10. h3 a6 11. Qd2 Na5 12. Bh6 b5 13. Bxg7 Kxg7 14. Rfe1 e5 15.
Nf3 Nxb3 16. cxb3 b4 17. Nd5 Nxd5 18. Qxd5 Be6 19. Qd2 Qb6 20. Ng5 a5 21. Nxe6+
Rxe6 22. Rac1 h5 23. Rc4 Rf6 24. Re3 h4 25. Qd5 Ra7 26. Rc6 Qb8 27. Rf3 Rxf3 28.
gxf3 Qd8 29. Rxd6 Qg5+ 30. Kh2 Qf4+ 31. Kg2 Qg5+ 32. Kf1 Qc1+ 33. Ke2 Qxb2+ 34.
Qd2 Qb1 35. Rc6 Qh1 36. Qg5 Rd7 37. Rc1 Qxh3 38. Qxe5+ f6 39. Qe8 Rb7 40. Rc8
Kh6 41. Qd8 Qe6 42. Qd2+ g5 43. Qd8 Qa6+ 44. Ke1 Qe6 45. Qf8+ Kg6 46. Re8 Qc6
47. Qh8 Qc1+ 48. Ke2 Rg7 49. Rc8 Qb2+ 50. Kf1 Qa1+ 51. Kg2 Qe5 52. Re8 Qc7 53.
Rc8 Qe5 54. Re8 Qf4 55. Re6 g4 56. Qe8+ Kh6 57. Qh8+ Kg6 58. Qe8+ Kg5 59. Qb5+
Kh6 60. Qf5 gxf3+ 61. Kh1 Qc1+ 62. Kh2 Rg2+ 0-1

[Event "Mondiale Lampo FIDE 2019"]
[Site "Mosca"]
[Date "30.12.2019"]
[Round "13.86"]
[White "Galkin, Alexander"]
[Black "Studer, Noel"]
[Result "1-0"]
[WhiteTitle "GM"]
[BlackTitle "GM"]
[WhiteElo "2611"]
[BlackElo "2546"]
[WhiteFideId "4120426"]
[BlackFideId "1319620"]
[EventDate "2019.12.29"]

1. Nf3 d5 2. d4 Nf6 3. Bf4 e6 4. e3 Bd6 5. Bg3 O-O 6. Nbd2 c5 7. c3 Qc7 8. Be2
Nbd7 9. O-O b6 10. a3 Bb7 11. b4 e5 12. dxe5 Nxe5 13. Rc1 Rad8 14. Qc2 Ne4 15.
Bxe5 Bxe5 16. Nxe4 dxe4 17. Nxe5 Qxe5 18. Rfd1 h5 19. h4 g6 20. Qa4 Rxd1+ 21.
Rxd1 Qxc3 22. Qxa7 Qc2 23. Re1 Qc3 24. Kf1 cxb4 25. Qxb7 bxa3 26. Qxb6 Ra8 27.
Qb7 Ra5 28. Qb1 a2 29. Qa1 Qc2 30. Rc1 Qa4 31. Rc8+ 1-0

[Event "Mondiale Lampo FIDE 2019"]
[Site "Mosca"]
[Date "30.12.2019"]
[Round "13.87"]
[White "Narayanan, Srinath"]
[Black "Lobanov, Sergei"]
[Result "1-0"]
[WhiteTitle "GM"]
[BlackTitle "IM"]
[WhiteElo "2529"]
[BlackElo "2504"]
[WhiteFideId "5018420"]
[BlackFideId "24183750"]
[EventDate "2019.12.29"]

1. e4 e5 2. Nf3 Nc6 3. Bb5 a6 4. Ba4 Nf6 5. O-O b5 6. Bb3 Be7 7. Re1 d6 8. c3
O-O 9. h3 Re8 10. d4 Bf8 11. Nbd2 Nb8 12. Nf1 Nbd7 13. Ng3 Bb7 14. Ng5 d5 15.
exd5 Bd6 16. dxe5 Nxe5 17. N5e4 Nxe4 18. Nxe4 Bf8 19. Bg5 Qd7 20. Qd4 c5 21.
Nxc5 Qf5 22. Bh4 Bxc5 23. Qxc5 Nd3 24. Rxe8+ Rxe8 25. Qd4 Nxb2 26. Bg3 Nc4 27.
Rd1 Na5 28. d6 Nxb3 29. d7 Rd8 30. Qb6 Rxd7 31. Qd8+ 1-0

[Event "Mondiale Lampo FIDE 2019"]
[Site "Mosca"]
[Date "30.12.2019"]
[Round "13.88"]
[White "Triapishko, Alexandr"]
[Black "Faizrakhmanov, Ramil"]
[Result "1-0"]
[WhiteTitle "IM"]
[BlackTitle "IM"]
[WhiteElo "2502"]
[BlackElo "2434"]
[WhiteFideId "14122286"]
[BlackFideId "24103209"]
[EventDate "2019.12.29"]

1. Nf3 Nf6 2. b3 d5 3. Bb2 e6 4. g3 Be7 5. Bg2 O-O 6. c4 b6 7. O-O Bb7 8. e3 c5
9. Nc3 Qc8 10. Qe2 Rd8 11. d3 Nc6 12. Rfd1 d4 13. exd4 Nxd4 14. Nxd4 cxd4 15.
Ne4 Nxe4 16. Bxe4 Bc5 17. Re1 h6 18. Qf3 Bxe4 19. Rxe4 Qc6 20. Kg2 Rd7 21. Rae1
a5 22. a4 Bb4 23. R1e2 Rad8 24. h4 Be7 25. Re5 Qxf3+ 26. Kxf3 Bd6 27. Rb5 Bc5
28. Bc1 Ra8 29. Ra2 f6 30. Ba3 Bxa3 31. Rxa3 Rd6 32. Ra2 Kf7 33. h5 e5 34. g4 g6
35. hxg6+ Kxg6 36. Kg3 h5 37. gxh5+ Kxh5 38. f4 Re6 39. Kf3 Kg6 40. fxe5 fxe5
41. Ke4 Rf8 42. Rxe5 Rd6 43. Rg2+ Kh6 44. Rh2+ Kg6 45. Rd5 Re8+ 46. Kxd4 Rf6 47.
Rg2+ Kf7 48. Kc3 Re3 49. Rd7+ Kf8 50. Rh2 Kg8 51. Rd8+ Kg7 52. Rd4 Rf1 53. Rg4+
Kf7 54. Kd2 Ref3 55. Re2 Rb1 56. Kc2 Rff1 57. Rge4 Rfc1+ 58. Kd2 Rf1 59. Kc3
Rfc1+ 60. Rc2 Rf1 61. Re3 Kf6 62. d4 Rfd1 63. Rf3+ Ke6 64. Re2+ Kd7 65. d5 Rbc1+
66. Rc2 Rb1 67. Rf6 Kc7 68. Rf7+ Kd6 69. Rb7 Ke5 70. Rxb6 Ke4 71. Re6+ Kf5 72.
Re3 Kf4 73. Rd3 Rxd3+ 74. Kxd3 Rxb3+ 75. Kd4 Ra3 76. d6 Ra1 77. Rf2+ Kg5 78. Rd2
Kf6 79. Kc5 1-0

[Event "Mondiale Lampo FIDE 2019"]
[Site "Mosca"]
[Date "30.12.2019"]
[Round "13.89"]
[White "Makoveev, Ilya"]
[Black "Novikov, Stanislav"]
[Result "1-0"]
[WhiteTitle "FM"]
[BlackTitle "GM"]
[WhiteElo "2277"]
[BlackElo "2531"]
[WhiteFideId "34155748"]
[BlackFideId "4125371"]
[EventDate "2019.12.29"]

1. e4 c5 2. Nf3 a6 3. c4 Nc6 4. d4 cxd4 5. Nxd4 Nf6 6. Nc3 e5 7. Nf5 d5 8. cxd5
Bxf5 9. exf5 Nd4 10. Bd3 Nxd5 11. O-O Nxc3 12. bxc3 Nc6 13. Qe2 Be7 14. Rd1 Qc7
15. Be3 O-O 16. Rab1 b5 17. Be4 Rac8 18. a4 Na7 19. Bd5 Bf6 20. c4 Rb8 21. axb5
axb5 22. cxb5 Nc8 23. Rdc1 Qd6 24. Bc6 Qd8 25. Rd1 Qc7 26. Rd7 Qa5 27. Bc5 Rd8
28. Rbd1 Rxd7 29. Bxd7 Nb6 30. Bc6 Na4 31. Bd6 Rd8 32. Ba3 Rxd1+ 33. Qxd1 Nc3
34. Qb3 h5 35. h3 e4 36. Kh2 Qc7+ 37. g3 e3 38. Qc2 exf2 39. Qxf2 h4 40. Kg2
hxg3 41. Qxg3 Be5 42. Qe3 Qd6 43. Bxd6 1-0

[Event "Mondiale Lampo FIDE 2019"]
[Site "Mosca"]
[Date "30.12.2019"]
[Round "13.90"]
[White "Shcherbakov, Ruslan"]
[Black "Tengis, Tsog-Ochir"]
[Result "1-0"]
[WhiteTitle "GM"]
[BlackTitle "FM"]
[WhiteElo "2527"]
[BlackElo "2190"]
[WhiteFideId "4102240"]
[BlackFideId "4902718"]
[EventDate "2019.12.29"]

1. Nf3 Nf6 2. c4 g6 3. Nc3 d5 4. cxd5 Nxd5 5. h4 h5 6. Qb3 c6 7. e4 Nxc3 8. Qxc3
Rg8 9. d4 Bg7 10. Be3 Bg4 11. Ne5 Bxe5 12. dxe5 Nd7 13. Bc4 Qc7 14. f4 Rf8 15.
O-O O-O-O 16. Rfe1 f6 17. exf6 Nxf6 18. Bd3 Rfe8 19. b4 e5 20. Rf1 Nd7 21. b5 c5
22. f5 gxf5 23. exf5 b6 24. Be4 Nf6 25. Bc6 Nd5 26. Qb3 Nxe3 27. Qxe3 Rf8 28. f6
Rd4 29. Rae1 Rf4 30. Rxf4 exf4 31. Qe8+ Rxe8 32. Rxe8+ Qd8 33. f7 Kc7 34. Rxd8 1-0

[Event "Mondiale Lampo FIDE 2019"]
[Site "Mosca"]
[Date "30.12.2019"]
[Round "13.91"]
[White "Mozharov, Mikhail"]
[Black "Blohberger, Felix"]
[Result "1/2-1/2"]
[WhiteTitle "GM"]
[BlackTitle "IM"]
[WhiteElo "2558"]
[BlackElo "2434"]
[WhiteFideId "4189825"]
[BlackFideId "1632051"]
[EventDate "2019.12.29"]

1. c4 e6 2. Nc3 Bb4 3. e4 d6 4. d4 Nc6 5. Be3 Nf6 6. Bd3 O-O 7. Nf3 e5 8. d5 Ne7
9. Bd2 Ng6 10. Qc2 a5 11. a3 Bxc3 12. Qxc3 b6 13. O-O a4 14. Rfe1 Bg4 15. Bc2 h6
16. h3 Bd7 17. Nh2 Nh5 18. Nf1 Qh4 19. Bd1 Nf6 20. Qg3 Qxg3 21. Nxg3 Bc8 22. Bc2
Nd7 23. Ne2 Nc5 24. Nc3 Bd7 25. Be3 Ne7 26. Kh2 f5 27. f3 f4 28. Bf2 g5 29. Reb1
Ra7 30. Be1 Kf7 31. Nb5 Bxb5 32. cxb5 Ng8 33. Bb4 Nf6 34. Rd1 Nfd7 35. Kg1 Raa8
36. Kf2 h5 37. Rh1 Rh8 38. Rag1 Rag8 39. h4 g4 40. g3 fxg3+ 41. Rxg3 gxf3 42.
Rxf3+ Ke8 43. Rf1 Rg4 44. Ke3 Rf8 45. Rxf8+ Nxf8 46. Bxc5 dxc5 47. Bxa4 Rxh4 48.
Rf5 Nd7 49. Bd1 Rh3+ 50. Bf3 Ke7 51. Rxh5 Rxh5 52. Bxh5 Kd6 53. Bg4 Nf6 54. Bf3
Ke7 55. Kd3 Kd6 56. Kc4 Ke7 57. b3 Ne8 58. a4 Nd6+ 59. Kc3 Kf6 60. Kd3 Kg5 61.
Ke3 Kh4 62. Be2 Kg5 63. Bd3 Kg4 64. Be2+ Kg5 65. Bd3 Kg4 66. Be2+ Kg5 67. Bd3
Kg4 68. Be2+ Kg5 69. Bd3 1/2-1/2

[Event "Mondiale Lampo FIDE 2019"]
[Site "Mosca"]
[Date "30.12.2019"]
[Round "13.93"]
[White "Luukkonen, Tommi"]
[Black "Kryakvin, Dmitry"]
[Result "0-1"]
[WhiteTitle "FM"]
[BlackTitle "GM"]
[WhiteElo "2290"]
[BlackElo "2596"]
[WhiteFideId "501808"]
[BlackFideId "4153278"]
[EventDate "2019.12.29"]

1. e4 c5 2. Nf3 d6 3. d4 cxd4 4. Nxd4 Nf6 5. Nc3 Nc6 6. Bg5 e6 7. Qd2 a6 8.
O-O-O Bd7 9. f3 Be7 10. h4 h6 11. Be3 h5 12. Bg5 Ne5 13. Kb1 b5 14. f4 Neg4 15.
a3 Rc8 16. Qe1 Qc7 17. f5 e5 18. Nb3 Qb6 19. Bd3 Bc6 20. Na2 O-O 21. Nb4 Bb7 22.
Nd5 Bxd5 23. exd5 Rfe8 24. Na5 Nxd5 25. f6 Ndxf6 26. Bf5 Rc7 27. Bxg4 Nxg4 28.
Bxe7 Rcxe7 29. Rd3 Nf2 30. Rxd6 Qxd6 31. Qxf2 e4 32. Qe2 e3 33. Rd1 Qxd1+ 0-1

[Event "Mondiale Lampo FIDE 2019"]
[Site "Mosca"]
[Date "30.12.2019"]
[Round "13.94"]
[White "Tissir, Mohamed"]
[Black "Mesropov, Konstantin"]
[Result "0-1"]
[WhiteTitle "IM"]
[BlackTitle "IM"]
[WhiteElo "2379"]
[BlackElo "2422"]
[WhiteFideId "9000240"]
[BlackFideId "4116887"]
[EventDate "2019.12.29"]

1. e4 e6 2. d4 d5 3. Nd2 Nc6 4. Ngf3 Nf6 5. e5 Nd7 6. c3 f6 7. exf6 Qxf6 8. Bd3
e5 9. dxe5 Ndxe5 10. Nxe5 Nxe5 11. Be2 Bd6 12. Nf3 c6 13. O-O O-O 14. Nxe5 Qxe5
15. f4 Qf6 16. Be3 Bf5 17. Bd3 Rae8 18. Bd4 Qg6 19. Bxf5 Rxf5 20. g3 Rxf4 21.
Rxf4 Bxf4 22. Qf3 Bc7 23. Bxa7 b6 24. Rf1 Qe6 25. Qf2 Qe3 26. a4 Qxf2+ 27. Rxf2
Ra8 0-1

[Event "Mondiale Lampo FIDE 2019"]
[Site "Mosca"]
[Date "30.12.2019"]
[Round "13.95"]
[White "Guimaraes, Diogo Duarte"]
[Black "Gurvich, Vitaly"]
[Result "1-0"]
[WhiteTitle "FM"]
[BlackTitle "FM"]
[WhiteElo "2322"]
[BlackElo "2230"]
[WhiteFideId "2112450"]
[BlackFideId "24164852"]
[EventDate "2019.12.29"]

1. e4 c5 2. Nf3 Nf6 3. e5 Nd5 4. Nc3 Nxc3 5. dxc3 Nc6 6. Bc4 e6 7. Bf4 Qb6 8.
Qd2 Qxb2 9. O-O Qb6 10. Rab1 Qc7 11. Ng5 Nxe5 12. Qe2 d6 13. Bxe5 dxe5 14. Bb5+
Ke7 15. Qh5 g6 16. Qh4 f6 17. Ne4 Bg7 18. Rfd1 a6 19. Be2 g5 20. Qh5 Bd7 21.
Rxd7+ Kxd7 22. Qf7+ Kd8 23. Qxe6 Qe7 24. Qd5+ Ke8 25. Rxb7 Rd8 26. Rxe7+ Kxe7
27. Qxc5+ Ke6 28. Bg4+ Kf7 29. Bh5+ Ke6 30. Qc6+ Kf5 31. Ng3+ 1-0